000 00648cam a22002173a 4500
001 45302
003 PGUSA
005 20140828084039.0
008 140401s2014||||xxu|||||s|||||000 | eng d
040 _aPGUSA
_beng
042 _adc
100 1 _aCupples, George
_cMrs
245 1 0 _aMy Pretty Scrap-Book :
_bPicture Pages and Pleasant Stories for Little Readers
_h[electronic resource] /
_cGeorge Cupples
260 _bProject Gutenberg,
_c2014
506 _aPublic domain in the USA.
516 _aElectronic text
700 1 _aAnonymous
830 0 _aProject Gutenberg
_v45302
856 4 0 _uhttp://www.gutenberg.org/ebooks/45302
942 _cEB
999 _c274553
_d274553